| 000 | 00669nam a2200217Ia 4500 | ||
|---|---|---|---|
| 005 | 20230821102401.0 | ||
| 008 | 131103s9999 xx 000 0 und d | ||
| 010 | _a090866118 (pbk) | ||
| 040 | _aLoreto College | ||
| 041 | _aEnglish | ||
| 082 |
_a914.2 _bFRE |
||
| 100 | _aFreeman,T.W. | ||
| 245 |
_aGeography and regional administration _b England and Wales : 1830 - 1968 _cT.W.Freeman |
||
| 260 |
_aLondon _bHutchinson University Library _c1968 |
||
| 300 |
_a200 p. _b illus.34 fig. |
||
| 440 | _aHutchinson University Library | ||
| 504 | _aIncludes bibliographical references and index | ||
| 650 | _aGeography of England | ||
| 850 | _aLCLIB | ||
| 942 | _cBK | ||
| 999 |
_c12654 _d63133 |
||